| 000 | 00939nam a2200241Ia 4500 | ||
|---|---|---|---|
| 003 | PE SENCICO BE | ||
| 005 | 20251020182422.0 | ||
| 008 | 200515s9999 xx 000 0 und d | ||
| 040 |
_aPE SENCICO BE _cPE SENCICO BE |
||
| 041 | _aspa | ||
| 082 |
_a461 _bD61 |
||
| 100 | 1 |
_aDelgado, Guillermo _92082 _eautor |
|
| 245 | 1 | 0 |
_aRazonamiento verbal / _cGuillermo Delgado |
| 250 | _a1a ed. | ||
| 260 |
_aLima : _bSan Marcos ; _c1993 |
||
| 300 |
_a437 p. : _c20 cm. |
||
| 500 | _aEn la contratapa: Sinónimos -- Antónimos -- Oraciones incompletas -- Analogías -- Comprensión de textos -- Estructuración de conceptos -- Suplantación de términos -- Eliminación de palabras -- Sustitución de términos -- Redacción -- Eliminación de térmicos -- Etimología | ||
| 650 | 1 | 0 |
_aRazonamiento verbal _92081 |
| 650 | 2 | 0 |
_aLengua española _9222 |
| 650 | 2 | 0 |
_aAptitud académica _92083 |
| 700 | 1 |
_92084 _aIsarra, Martha |
|
| 942 |
_cLIB _2ddc |
||
| 999 |
_c17 _d17 |
||